Regulation Bancaire Et Prise De Risque Des Banques De La Cemac
Skúmanie vplyvu bankovej regulácie na riskovanie bánk v Hospodárskom a menovom spoločenstve strednej Afriky (CEMAC) v období rokov 2010 až 2017. Rozdiely v regulácii bankovníctva smerom nahor nabádajú banky, aby podstupovali viac rizík. Skúmanie ukazovateľov akými sú napríklad miera solventnosti, pl...
Gespeichert in:
| 1. Verfasser: | |
|---|---|
| Weitere Verfasser: | |
| Format: | Buchkapitel |
| Sprache: | Französisch |
| Schlagworte: | |
| Tags: |
Keine Tags, Fügen Sie das erste Tag hinzu!
|
MARC
| LEADER | 00000naa a2200000 4500 | ||
|---|---|---|---|
| 001 | 0263506 | ||
| 005 | 20200515205135.7 | ||
| 041 | 0 | |a fre | |
| 044 | |a PT | ||
| 245 | 1 | 0 | |a Regulation Bancaire Et Prise De Risque Des Banques De La Cemac |c Jean Francky, Landry Ngono |
| 520 | |a Skúmanie vplyvu bankovej regulácie na riskovanie bánk v Hospodárskom a menovom spoločenstve strednej Afriky (CEMAC) v období rokov 2010 až 2017. Rozdiely v regulácii bankovníctva smerom nahor nabádajú banky, aby podstupovali viac rizík. Skúmanie ukazovateľov akými sú napríklad miera solventnosti, platobnej schopnosti bánk, nesplácané úvery, kapitál bánk, miera rastu hrubého domáceho produktu, ktorý umožňuje zachytiť ekonomickú situáciu krajiny, miera inflácie meraná indexom spotrebiteľských cien a podobne. Bankový vklad a poistenie rizika. Regulačný kapitál, menová politika a riskovanie zo strany bánk. Využitie Hausmanovho testu a metódy najmenších štvorcov. | ||
| 610 | 2 | 0 | |a bankovníctvo |
| 610 | 2 | 0 | |a banky |
| 610 | 2 | 0 | |a kapitál bankový |
| 610 | 2 | 0 | |a úver |
| 610 | 2 | 0 | |a regulácia |
| 610 | 2 | 0 | |a riziko bankové |
| 610 | 2 | 0 | |a politika hospodárska |
| 610 | 2 | 0 | |a politika menová |
| 610 | 2 | 0 | |a ukazovatele |
| 610 | 2 | 0 | |a modely |
| 610 | 2 | 0 | |a Afrika |
| 100 | 1 | |a Francky, Jean | |
| 700 | 1 | |a Ngono, Landry | |